[Event "Michigan Action"]
[Site "Flint"]
[Date "2002.12.07"]
[Round "6"]
[White "Baze, Lineas"]
[Black "Kriseler, Mark"]
[Result "1-0"]
[WhiteElo "2000"]
[BlackElo "1931"]
[PlyCount "62"]
[EventDate "2002.12.07"]
[EventType "swiss (rapid)"]
[EventRounds "6"]
[EventCountry "USA"]
[SourceTitle "EXT 2009"]
[Source "ChessBase"]
[SourceDate "2008.11.26"]
[SourceVersion "1"]
[SourceVersionDate "2008.11.26"]
[SourceQuality "1"]

1. e4 e6 2. d4 b6 3. Nf3 Bb7 4. Bd3 Nf6 5. Nc3 Bb4 6. Qe2 Qe7 7. Bg5 h6 8. Bh4 Bxc3+ 9. bxc3 g5 10. Bg3 Nc6 11. 0-0 0-0-0 12. Ba6 d6 13. a4 Rdg8 14. Rfb1 h5 15. h4 Nd7 16. Bxb7+ Kxb7 17. a5 Ndb8 18. axb6 axb6 19. Qc4 gxh4 20. Bxh4 f6 21. d5 exd5 22. Qxd5 Qg7 23. Ne1 Rh6 24. Rb4 Rg6 25. e5 fxe5 26. Rba4 Rg4 27. Ra7+ Kc8 28. Ra8 Kd7 29. Bg3 h4 30. Bh2 h3 31. g3 e4 1-0

[Event "Genesee County CC-ch"]
[Site "Flint"]
[Date "2002.10.23"]
[Round "2"]
[White "Hazzard, William"]
[Black "Kriseler, Mark"]
[Result "1/2-1/2"]
[WhiteElo "1624"]
[BlackElo "1931"]
[PlyCount "102"]
[EventDate "2002.10.23"]
[EventType "swiss"]
[EventRounds "5"]
[EventCountry "USA"]
[SourceTitle "EXT 2009"]
[Source "ChessBase"]
[SourceDate "2008.11.26"]
[SourceVersion "1"]
[SourceVersionDate "2008.11.26"]
[SourceQuality "1"]

1. d4 e6 2. e4 b6 3. Nc3 Bb4 4. Nf3 Bb7 5. Bd3 Nf6 6. Qe2 Qe7 7. Bg5 Bxc3+ 8. bxc3 h6 9. Bf4 Nc6 10. Bxc7 d6 11. Bxd6 Qxd6 12. e5 Qa3 13. 0-0 Nd5 14. c4 Nf4 15. Qd2 Nxd3 16. cxd3 0-0 17. d5 exd5 18. cxd5 Nb4 19. d6 Bxf3 20. gxf3 Nxd3 21. Qe3 Qa6 22. Rfd1 Nc5 23. f4 Qb7 24. f3 Qd7 25. Rd2 Rac8 26. Rg2 Rfe8 27. Rd1 Rc6 28. Qd2 Rd8 29. Qd5 Rcc8 30. Re2 Qc6 31. f5 Qxd5 32. Rxd5 Rc6 33. e6 fxe6 34. fxe6 Nxe6 35. Rxe6 Kf7 36. Re7+ Kf6 37. Rxa7 Rdxd6 38. Rxd6+ Rxd6 39. Kf2 g5 40. Kg3 Rd5 41. Rb7 Rd6 42. a4 Kf5 43. Rb8 Rf6 44. Rb7 h5 45. a5 h4+ 46. Kg2 bxa5 47. Rb5+ Kf4 48. Rxa5 Rd6 49. Ra4+ Ke3 50. Re4+ Kd3 51. Kh3 Rd4 1/2-1/2